000 003110000a22000970004500
100 1 _aPrieto, Jaime
245 1 0 _aDesarrollo histórico de la producción teológica del Seminario Bíblico Latinoamericano
300 _aVol. 13, Num. 2 (Noviembre, 1993), Páginas 7-53
773 0 _tVida y pensamiento
942 _cANA
999 _c53029
_d53029